[Event "ODJM A 2025"]
[Site "Willingen GER"]
[Date "2025.06.08"]
[Round "2"]
[White "Apel, Linus"]
[Black "Schulz, Tim"]
[Result "1-0"]
[Termination "normal"]
[Board "23"]
[WhiteElo "1783"]
[BlackElo "1976"]
[WhiteClock "00:01:21"]
[BlackClock "00:01:42"]
[PlyCount "83"]
[WhiteFideId "16265785"]
[BlackFideId "34629165"]
[EventCountry "GER"]
[EventRounds "9"]
[EventType "swiss"]
[EventDate "2025.06.07"]

1. e4 {[%clk 01:30:57]} {[%emt 00:00:02]} c5 {[%clk 01:30:55]} {[%emt
00:00:04]} 2. Nf3 {[%clk 01:31:21]} {[%emt 00:00:11]} d6 {[%clk 01:31:19]}
{[%emt 00:00:02]} 3. d4 {[%clk 01:31:34]} {[%emt 00:00:16]} cxd4 {[%clk
01:31:44]} {[%emt 00:00:05]} 4. Nxd4 {[%clk 01:31:56]} {[%emt 00:00:10]} Nf6
{[%clk 01:32:07]} {[%emt 00:00:05]} 5. Nc3 {[%clk 01:32:21]} {[%emt 00:00:06]}
a6 {[%clk 01:32:31]} {[%emt 00:00:11]} 6. Be3 {[%clk 01:32:37]} {[%emt
00:00:08]} e5 {[%clk 01:32:55]} {[%emt 00:00:06]} 7. Nb3 {[%clk 01:33:02]}
{[%emt 00:00:05]} Be7 {[%clk 01:33:10]} {[%emt 00:00:14]} 8. f3 {[%clk
01:33:24]} {[%emt 00:00:09]} Be6 {[%clk 01:33:22]} {[%emt 00:00:18]} 9. Qd2
{[%clk 01:33:47]} {[%emt 00:00:07]} h5 {[%clk 01:33:23]} {[%emt 00:00:28]} 10.
Nd5 {[%clk 01:33:53]} {[%emt 00:00:24]} Bxd5 {[%clk 01:33:17]} {[%emt
00:00:36]} 11. exd5 {[%clk 01:34:11]} {[%emt 00:00:14]} Nbd7 {[%clk 01:32:43]}
{[%emt 00:01:03]} 12. Be2 {[%clk 01:24:51]} {[%emt 00:09:49]} Qc7 {[%clk
01:31:52]} {[%emt 00:01:21]} 13. Rc1 {[%clk 01:20:37]} {[%emt 00:04:45]} a5
{[%clk 01:28:57]} {[%emt 00:03:25]} 14. a4 {[%clk 01:19:59]} {[%emt 00:01:06]}
Kf8 {[%clk 01:24:03]} {[%emt 00:05:26]} 15. Bb5 {[%clk 01:18:39]} {[%emt
00:01:50]} e4 {[%clk 01:18:31]} {[%emt 00:06:02]} 16. f4 {[%clk 00:59:20]}
{[%emt 00:19:48]} Ng4 {[%clk 01:10:17]} {[%emt 00:08:44]} 17. Bd4 {[%clk
00:54:42]} {[%emt 00:05:09]} Bf6 {[%clk 01:02:33]} {[%emt 00:08:14]} 18. O-O
{[%clk 00:44:49]} {[%emt 00:10:22]} Bxd4+ {[%clk 00:41:58]} {[%emt 00:21:05]}
19. Qxd4 {[%clk 00:44:40]} {[%emt 00:00:39]} Ngf6 {[%clk 00:35:33]} {[%emt
00:06:55]} 20. c4 {[%clk 00:38:53]} {[%emt 00:06:19]} Kg8 {[%clk 00:26:41]}
{[%emt 00:09:21]} 21. Rc3 {[%clk 00:26:17]} {[%emt 00:13:06]} Rc8 {[%clk
00:19:17]} {[%emt 00:07:53]} 22. Rg3 {[%clk 00:21:44]} {[%emt 00:05:03]} h4
{[%clk 00:13:35]} {[%emt 00:06:12]} 23. Rg5 {[%clk 00:19:13]} {[%emt 00:03:02]}
Rh6 {[%clk 00:12:15]} {[%emt 00:01:50]} 24. Nxa5 {[%clk 00:15:58]} {[%emt
00:03:45]} Qxa5 {[%clk 00:10:12]} {[%emt 00:02:32]} 25. Bxd7 {[%clk 00:16:17]}
{[%emt 00:00:11]} Qc5 {[%clk 00:10:20]} {[%emt 00:00:22]} 26. Qxc5 {[%clk
00:16:22]} {[%emt 00:00:25]} Rxc5 {[%clk 00:10:45]} {[%emt 00:00:05]} 27. Bb5
{[%clk 00:16:34]} {[%emt 00:00:19]} Nh7 {[%clk 00:10:53]} {[%emt 00:00:21]} 28.
Re1 {[%clk 00:14:09]} {[%emt 00:02:55]} f6 {[%clk 00:09:47]} {[%emt 00:01:35]}
29. Rg4 {[%clk 00:10:04]} {[%emt 00:04:36]} f5 {[%clk 00:09:45]} {[%emt
00:00:32]} 30. Rg5 {[%clk 00:10:17]} {[%emt 00:00:17]} Nxg5 {[%clk 00:09:41]}
{[%emt 00:00:34]} 31. fxg5 {[%clk 00:10:42]} {[%emt 00:00:05]} Rg6 {[%clk
00:08:47]} {[%emt 00:01:23]} 32. b4 {[%clk 00:10:54]} {[%emt 00:00:18]} Rc7
{[%clk 00:08:46]} {[%emt 00:00:30]} 33. a5 {[%clk 00:08:07]} {[%emt 00:03:18]}
Rxg5 {[%clk 00:07:12]} {[%emt 00:02:04]} 34. c5 {[%clk 00:08:01]} {[%emt
00:00:36]} Rg6 {[%clk 00:05:42]} {[%emt 00:01:59]} 35. c6 {[%clk 00:08:07]}
{[%emt 00:00:25]} Rg4 {[%clk 00:02:33]} {[%emt 00:03:39]} 36. Be2 {[%clk
00:07:30]} {[%emt 00:01:07]} Rg5 {[%clk 00:02:22]} {[%emt 00:00:41]} 37. b5
{[%clk 00:07:23]} {[%emt 00:00:37]} f4 {[%clk 00:02:14]} {[%emt 00:00:38]} 38.
b6 {[%clk 00:07:36]} {[%emt 00:00:18]} Rf7 {[%clk 00:02:18]} {[%emt 00:00:24]}
39. c7 {[%clk 00:06:50]} {[%emt 00:01:17]} f3 {[%clk 00:01:16]} {[%emt
00:01:32]} 40. c8=Q+ {[%clk 00:05:20]} {[%emt 00:02:00]} Kh7 {[%clk 00:01:26]}
{[%emt 00:00:20]} 41. Bxf3 {[%clk 00:05:16]} {[%emt 00:00:34]} exf3 {[%clk
00:01:42]} {[%emt 00:00:14]} 42. Rf1 {[%clk 00:01:21]} {[%emt 00:04:25]} 1-0

[Event "ODJM A 2025"]
[Site "Willingen GER"]
[Date "2025.06.08"]
[Round "2"]
[White "Walz, Fabian"]
[Black "Grabowski, Joshua"]
[Result "1/2-1/2"]
[Termination "normal"]
[Board "24"]
[WhiteElo "1960"]
[BlackElo "1819"]
[WhiteClock "00:53:16"]
[BlackClock "00:17:37"]
[PlyCount "76"]
[WhiteFideId "34618520"]
[BlackFideId "34678344"]
[EventCountry "GER"]
[EventRounds "9"]
[EventType "swiss"]
[EventDate "2025.06.07"]

1. d4 {[%clk 01:30:52]} {[%emt 00:00:07]} d5 {[%clk 01:30:57]} {[%emt
00:00:03]} 2. c4 {[%clk 01:31:13]} {[%emt 00:00:09]} c6 {[%clk 01:31:23]}
{[%emt 00:00:05]} 3. Nf3 {[%clk 01:31:36]} {[%emt 00:00:07]} Nf6 {[%clk
01:31:49]} {[%emt 00:00:05]} 4. g3 {[%clk 01:31:53]} {[%emt 00:00:11]} dxc4
{[%clk 01:32:11]} {[%emt 00:00:09]} 5. Qc2 {[%clk 01:30:45]} {[%emt 00:01:38]}
b5 {[%clk 01:32:06]} {[%emt 00:00:35]} 6. Bg2 {[%clk 01:31:02]} {[%emt
00:00:12]} Bb7 {[%clk 01:31:45]} {[%emt 00:00:52]} 7. O-O {[%clk 01:30:39]}
{[%emt 00:00:51]} e6 {[%clk 01:31:06]} {[%emt 00:01:10]} 8. Nc3 {[%clk
01:26:35]} {[%emt 00:04:34]} Be7 {[%clk 01:28:29]} {[%emt 00:03:08]} 9. e4
{[%clk 01:26:35]} {[%emt 00:00:29]} O-O {[%clk 01:27:05]} {[%emt 00:01:54]} 10.
Rd1 {[%clk 01:17:46]} {[%emt 00:09:18]} Na6 {[%clk 01:21:30]} {[%emt 00:06:03]}
11. a3 {[%clk 01:17:46]} {[%emt 00:00:33]} Qb6 {[%clk 01:19:43]} {[%emt
00:02:11]} 12. h4 {[%clk 01:14:44]} {[%emt 00:03:38]} Nc7 {[%clk 01:17:23]}
{[%emt 00:02:50]} 13. Be3 {[%clk 01:12:42]} {[%emt 00:02:31]} c5 {[%clk
01:13:17]} {[%emt 00:04:38]} 14. dxc5 {[%clk 01:07:47]} {[%emt 00:05:24]} Bxc5
{[%clk 01:13:26]} {[%emt 00:00:21]} 15. Bxc5 {[%clk 01:07:46]} {[%emt
00:00:30]} Qxc5 {[%clk 01:13:46]} {[%emt 00:00:11]} 16. e5 {[%clk 01:08:09]}
{[%emt 00:00:07]} Bxf3 {[%clk 01:10:40]} {[%emt 00:03:35]} 17. Bxf3 {[%clk
01:07:48]} {[%emt 00:00:51]} Nfd5 {[%clk 01:10:48]} {[%emt 00:00:23]} 18. Ne4
{[%clk 01:05:20]} {[%emt 00:02:58]} Qe7 {[%clk 01:05:45]} {[%emt 00:05:24]} 19.
Ng5 {[%clk 01:04:28]} {[%emt 00:01:30]} g6 {[%clk 01:05:38]} {[%emt 00:00:38]}
20. Ne4 {[%clk 01:04:46]} {[%emt 00:00:12]} Rad8 {[%clk 01:04:24]} {[%emt
00:01:42]} 21. Kg2 {[%clk 01:02:21]} {[%emt 00:02:56]} f6 {[%clk 01:00:11]}
{[%emt 00:04:45]} 22. exf6 {[%clk 00:54:38]} {[%emt 00:08:13]} Nxf6 {[%clk
01:00:28]} {[%emt 00:00:11]} 23. Ng5 {[%clk 00:54:57]} {[%emt 00:00:11]} Kg7
{[%clk 00:56:24]} {[%emt 00:04:35]} 24. b3 {[%clk 00:54:00]} {[%emt 00:01:27]}
Rxd1 {[%clk 00:45:43]} {[%emt 00:11:11]} 25. Rxd1 {[%clk 00:53:58]} {[%emt
00:00:30]} Qxa3 {[%clk 00:45:09]} {[%emt 00:01:05]} 26. bxc4 {[%clk 00:54:06]}
{[%emt 00:00:22]} Qc5 {[%clk 00:41:42]} {[%emt 00:03:57]} 27. Qe2 {[%clk
00:52:53]} {[%emt 00:01:42]} Qxc4 {[%clk 00:34:51]} {[%emt 00:07:23]} 28. Qxc4
{[%clk 00:53:05]} {[%emt 00:00:18]} bxc4 {[%clk 00:35:17]} {[%emt 00:00:03]}
29. Rc1 {[%clk 00:53:21]} {[%emt 00:00:15]} h6 {[%clk 00:33:44]} {[%emt
00:02:03]} 30. Rxc4 {[%clk 00:53:29]} {[%emt 00:00:22]} hxg5 {[%clk 00:32:15]}
{[%emt 00:01:59]} 31. Rxc7+ {[%clk 00:53:44]} {[%emt 00:00:14]} Rf7 {[%clk
00:32:27]} {[%emt 00:00:19]} 32. Rc6 {[%clk 00:51:51]} {[%emt 00:02:21]} gxh4
{[%clk 00:30:02]} {[%emt 00:02:57]} 33. Rxe6 {[%clk 00:52:11]} {[%emt
00:00:10]} hxg3 {[%clk 00:30:14]} {[%emt 00:00:19]} 34. fxg3 {[%clk 00:52:36]}
{[%emt 00:00:04]} Rd7 {[%clk 00:27:57]} {[%emt 00:02:40]} 35. Ra6 {[%clk
00:52:50]} {[%emt 00:00:21]} Ng8 {[%clk 00:26:18]} {[%emt 00:02:09]} 36. Be4
{[%clk 00:53:04]} {[%emt 00:00:17]} Ne7 {[%clk 00:26:35]} {[%emt 00:00:14]} 37.
Kf3 {[%clk 00:53:10]} {[%emt 00:00:23]} Kh6 {[%clk 00:17:37]} {[%emt 00:09:25]}
38. Kf4 {[%clk 00:53:16]} {[%emt 00:00:28]} Nd5+ {[%emt 00:07:57]} 1/2-1/2

[Event "ODJM A 2025"]
[Site "Willingen GER"]
[Date "2025.06.08"]
[Round "2"]
[White "Seifert, Hendrik"]
[Black "Heimann, Alexander"]
[Result "0-1"]
[Termination "normal"]
[Board "25"]
[WhiteElo "1811"]
[BlackElo "1930"]
[WhiteClock "00:00:38"]
[BlackClock "00:01:52"]
[PlyCount "76"]
[WhiteFideId "16241193"]
[BlackFideId "16215346"]
[EventCountry "GER"]
[EventRounds "9"]
[EventType "swiss"]
[EventDate "2025.06.07"]

1. e4 {[%clk 01:30:57]} {[%emt 00:00:03]} c5 {[%clk 01:30:42]} {[%emt
00:00:18]} 2. Be2 {[%clk 01:31:22]} {[%emt 00:00:06]} e6 {[%clk 01:30:49]}
{[%emt 00:00:22]} 3. d3 {[%clk 01:31:46]} {[%emt 00:00:06]} Qc7 {[%clk
01:30:06]} {[%emt 00:01:13]} 4. f4 {[%clk 01:31:03]} {[%emt 00:01:12]} d5
{[%clk 01:29:47]} {[%emt 00:00:50]} 5. Nf3 {[%clk 01:29:20]} {[%emt 00:02:13]}
Nc6 {[%clk 01:27:29]} {[%emt 00:02:48]} 6. O-O {[%clk 01:28:57]} {[%emt
00:00:52]} Nf6 {[%clk 01:24:32]} {[%emt 00:03:28]} 7. e5 {[%clk 01:29:05]}
{[%emt 00:00:22]} Nd7 {[%clk 01:24:31]} {[%emt 00:00:31]} 8. c3 {[%clk
01:28:50]} {[%emt 00:00:45]} d4 {[%clk 01:18:20]} {[%emt 00:06:40]} 9. Nbd2
{[%clk 01:27:12]} {[%emt 00:02:08]} Be7 {[%clk 01:17:42]} {[%emt 00:01:08]} 10.
Ne4 {[%clk 01:24:05]} {[%emt 00:03:38]} O-O {[%clk 01:15:22]} {[%emt 00:02:50]}
11. Qe1 {[%clk 01:20:36]} {[%emt 00:03:59]} f6 {[%clk 01:11:13]} {[%emt
00:04:39]} 12. exf6 {[%clk 01:16:44]} {[%emt 00:04:22]} Nxf6 {[%clk 01:10:06]}
{[%emt 00:01:37]} 13. Bd1 {[%clk 01:11:05]} {[%emt 00:06:09]} Nd5 {[%clk
00:51:41]} {[%emt 00:18:54]} 14. g3 {[%clk 01:08:00]} {[%emt 00:03:36]} dxc3
{[%clk 00:41:57]} {[%emt 00:10:14]} 15. bxc3 {[%clk 01:05:48]} {[%emt
00:02:41]} h6 {[%clk 00:37:59]} {[%emt 00:04:29]} 16. Bb3 {[%clk 01:00:29]}
{[%emt 00:05:48]} Bd7 {[%clk 00:32:13]} {[%emt 00:06:16]} 17. Bb2 {[%clk
00:56:59]} {[%emt 00:04:00]} Rae8 {[%clk 00:29:11]} {[%emt 00:03:31]} 18. Rc1
{[%clk 00:52:19]} {[%emt 00:05:11]} Na5 {[%clk 00:19:38]} {[%emt 00:10:04]} 19.
Bc2 {[%clk 00:46:06]} {[%emt 00:06:43]} Nc6 {[%clk 00:14:44]} {[%emt 00:05:23]}
20. Nf2 {[%clk 00:34:35]} {[%emt 00:12:01]} Nf6 {[%clk 00:11:16]} {[%emt
00:03:58]} 21. Nh4 {[%clk 00:25:34]} {[%emt 00:09:32]} e5 {[%clk 00:07:42]}
{[%emt 00:04:03]} 22. Ng6 {[%clk 00:13:35]} {[%emt 00:12:29]} exf4 {[%clk
00:07:42]} {[%emt 00:00:31]} 23. Bb3+ {[%clk 00:12:14]} {[%emt 00:01:51]} Kh7
{[%clk 00:07:35]} {[%emt 00:00:36]} 24. Nxf8+ {[%clk 00:11:04]} {[%emt
00:01:41]} Bxf8 {[%clk 00:07:55]} {[%emt 00:00:10]} 25. Ne4 {[%clk 00:10:57]}
{[%emt 00:00:37]} Nxe4 {[%clk 00:06:57]} {[%emt 00:01:28]} 26. dxe4 {[%clk
00:10:59]} {[%emt 00:00:27]} fxg3 {[%clk 00:05:55]} {[%emt 00:01:33]} 27. hxg3
{[%clk 00:05:34]} {[%emt 00:05:55]} Ne5 {[%clk 00:04:56]} {[%emt 00:01:29]} 28.
Rd1 {[%clk 00:04:02]} {[%emt 00:02:02]} c4 {[%clk 00:04:51]} {[%emt 00:00:35]}
29. Rd5 {[%clk 00:01:59]} {[%emt 00:02:33]} Be6 {[%clk 00:04:04]} {[%emt
00:01:16]} 30. Ba4 {[%clk 00:01:27]} {[%emt 00:01:03]} Rc8 {[%clk 00:03:03]}
{[%emt 00:01:30]} 31. Bc1 {[%clk 00:00:39]} {[%emt 00:01:19]} Bxd5 {[%clk
00:02:59]} {[%emt 00:00:34]} 32. exd5 {[%clk 00:00:59]} {[%emt 00:00:10]} Qc5+
{[%clk 00:01:57]} {[%emt 00:01:31]} 33. Qf2 {[%clk 00:00:33]} {[%emt 00:00:56]}
Qxf2+ {[%clk 00:01:26]} {[%emt 00:01:01]} 34. Rxf2 {[%clk 00:00:40]} {[%emt
00:00:23]} Bc5 {[%clk 00:01:42]} {[%emt 00:00:14]} 35. Bf4 {[%clk 00:00:36]}
{[%emt 00:00:35]} Nd3 {[%clk 00:01:41]} {[%emt 00:00:30]} 36. d6 {[%clk
00:00:41]} {[%emt 00:00:25]} Bxf2+ {[%clk 00:01:45]} {[%emt 00:00:26]} 37. Kf1
{[%clk 00:00:35]} {[%emt 00:00:37]} Bb6 {[%clk 00:01:46]} {[%emt 00:00:28]} 38.
Bd7 {[%clk 00:00:38]} {[%emt 00:00:27]} Rf8 {[%clk 00:01:52]} {[%emt 00:00:25]}
0-1

[Event "ODJM A 2025"]
[Site "Willingen GER"]
[Date "2025.06.08"]
[Round "2"]
[White "Fellberg, Justus"]
[Black "Paeslack, Luis"]
[Result "1-0"]
[Termination "normal"]
[Board "26"]
[WhiteElo "1812"]
[BlackElo "2091"]
[WhiteClock "00:09:01"]
[BlackClock "00:02:00"]
[PlyCount "120"]
[WhiteFideId "34608990"]
[BlackFideId "12987760"]
[EventCountry "GER"]
[EventRounds "9"]
[EventType "swiss"]
[EventDate "2025.06.07"]

1. e4 {[%clk 01:30:58]} {[%emt 00:00:02]} c5 {[%clk 01:30:53]} {[%emt
00:00:07]} 2. Nf3 {[%clk 01:31:25]} {[%emt 00:00:03]} d6 {[%clk 01:30:23]}
{[%emt 00:01:02]} 3. c3 {[%clk 01:31:52]} Nf6 {[%clk 01:29:34]} {[%emt
00:01:19]} 4. Bd3 {[%clk 01:32:19]} {[%emt 00:00:04]} Nc6 {[%clk 01:27:25]}
{[%emt 00:02:38]} 5. Bc2 {[%clk 01:32:42]} {[%emt 00:00:07]} Bg4 {[%clk
01:26:50]} {[%emt 00:01:04]} 6. h3 {[%clk 01:33:04]} {[%emt 00:00:09]} Bh5
{[%clk 01:21:22]} {[%emt 00:05:57]} 7. d3 {[%clk 01:33:04]} {[%emt 00:00:30]}
e6 {[%clk 01:20:23]} {[%emt 00:01:29]} 8. Nbd2 {[%clk 01:28:04]} {[%emt
00:05:30]} Qc7 {[%clk 01:18:48]} {[%emt 00:02:05]} 9. Nf1 {[%clk 01:27:45]}
{[%emt 00:00:49]} h6 {[%clk 01:09:56]} {[%emt 00:09:22]} 10. Ng3 {[%clk
01:27:19]} {[%emt 00:00:56]} Bg6 {[%clk 01:09:00]} {[%emt 00:01:26]} 11. O-O
{[%clk 01:23:22]} {[%emt 00:04:28]} Be7 {[%clk 01:05:26]} {[%emt 00:04:03]} 12.
Nh2 {[%clk 01:19:22]} {[%emt 00:04:29]} O-O {[%clk 00:47:18]} {[%emt 00:18:39]}
13. f4 {[%clk 01:18:19]} {[%emt 00:01:33]} d5 {[%clk 00:45:19]} {[%emt
00:02:30]} 14. Qf3 {[%clk 01:17:42]} {[%emt 00:01:07]} Bh7 {[%clk 00:34:17]}
{[%emt 00:11:31]} 15. Ng4 {[%clk 01:11:39]} {[%emt 00:06:34]} Nxg4 {[%clk
00:25:07]} {[%emt 00:09:40]} 16. Qxg4 {[%clk 01:10:16]} {[%emt 00:01:52]} f5
{[%clk 00:24:01]} {[%emt 00:01:36]} 17. exf5 {[%clk 01:10:02]} {[%emt
00:00:44]} exf5 {[%clk 00:22:30]} {[%emt 00:02:02]} 18. Qf3 {[%clk 01:04:25]}
{[%emt 00:06:06]} d4 {[%clk 00:22:18]} {[%emt 00:00:42]} 19. Bd2 {[%clk
01:00:12]} {[%emt 00:04:43]} Kh8 {[%clk 00:17:57]} {[%emt 00:04:51]} 20. Bb3
{[%clk 00:57:41]} {[%emt 00:03:01]} Qb6 {[%clk 00:14:28]} {[%emt 00:03:59]} 21.
Kh1 {[%clk 00:54:30]} {[%emt 00:03:40]} Na5 {[%clk 00:12:50]} {[%emt 00:02:09]}
22. Qd1 {[%clk 00:52:24]} {[%emt 00:02:35]} Rad8 {[%clk 00:10:45]} {[%emt
00:02:36]} 23. c4 {[%clk 00:52:16]} {[%emt 00:00:39]} Bh4 {[%clk 00:07:25]}
{[%emt 00:03:50]} 24. Ne2 {[%clk 00:50:50]} {[%emt 00:01:55]} Nc6 {[%clk
00:04:33]} {[%emt 00:03:22]} 25. Ng1 {[%clk 00:46:49]} {[%emt 00:04:31]} Bg6
{[%clk 00:04:51]} {[%emt 00:00:12]} 26. Kh2 {[%clk 00:43:53]} {[%emt 00:03:26]}
Rde8 {[%clk 00:04:04]} {[%emt 00:01:17]} 27. Rb1 {[%clk 00:42:35]} {[%emt
00:01:48]} Re7 {[%clk 00:03:25]} {[%emt 00:01:10]} 28. a3 {[%clk 00:39:55]}
{[%emt 00:03:10]} Qc7 {[%clk 00:01:37]} {[%emt 00:02:17]} 29. Bc2 {[%clk
00:39:01]} {[%emt 00:01:25]} a5 {[%clk 00:01:43]} {[%emt 00:00:24]} 30. Ba4
{[%clk 00:38:50]} {[%emt 00:00:40]} b6 {[%clk 00:01:06]} {[%emt 00:01:07]} 31.
Qf3 {[%clk 00:35:34]} {[%emt 00:03:46]} Be8 {[%clk 00:01:02]} {[%emt 00:00:35]}
32. b3 {[%clk 00:34:55]} {[%emt 00:01:09]} Nb8 {[%clk 00:00:50]} {[%emt
00:00:41]} 33. Bxe8 {[%clk 00:33:20]} {[%emt 00:02:06]} Rfxe8 {[%clk 00:01:16]}
{[%emt 00:00:03]} 34. Qh5 {[%clk 00:33:29]} {[%emt 00:00:20]} Bg5 {[%clk
00:00:48]} {[%emt 00:00:59]} 35. Kh1 {[%clk 00:32:08]} {[%emt 00:01:52]} Bf6
{[%clk 00:00:48]} {[%emt 00:00:30]} 36. Qxf5 {[%clk 00:32:08]} {[%emt
00:00:30]} Nc6 {[%clk 00:00:53]} {[%emt 00:00:24]} 37. Qh5 {[%clk 00:29:06]}
{[%emt 00:03:31]} a4 {[%clk 00:00:53]} {[%emt 00:00:31]} 38. b4 {[%clk
00:28:45]} {[%emt 00:00:52]} cxb4 {[%clk 00:01:09]} {[%emt 00:00:13]} 39. Bxb4
{[%clk 00:28:53]} {[%emt 00:00:22]} Nxb4 {[%clk 00:01:14]} {[%emt 00:00:25]}
40. Rxb4 {[%clk 00:29:13]} {[%emt 00:00:11]} Re1 {[%clk 00:00:36]} {[%emt
00:01:08]} 41. Rxa4 {[%clk 00:24:15]} {[%emt 00:05:28]} Qc6 {[%clk 00:23:03]}
{[%emt 00:08:02]} 42. Rxe1 {[%clk 00:51:04]} {[%emt 00:03:42]} Rxe1 {[%clk
00:23:31]} {[%emt 00:00:01]} 43. Rb4 {[%clk 00:50:32]} {[%emt 00:01:02]} Ra1
{[%clk 00:20:36]} {[%emt 00:03:25]} 44. Qf7 {[%clk 00:29:40]} {[%emt 00:21:23]}
Rd1 {[%clk 00:11:32]} {[%emt 00:09:33]} 45. Rb3 {[%clk 00:27:19]} {[%emt
00:02:52]} Kh7 {[%clk 00:08:19]} {[%emt 00:03:42]} 46. Qh5 {[%clk 00:25:32]}
{[%emt 00:02:15]} Ra1 {[%clk 00:07:21]} {[%emt 00:01:29]} 47. Kh2 {[%clk
00:24:25]} {[%emt 00:01:38]} Qd6 {[%clk 00:05:44]} {[%emt 00:02:07]} 48. Qf5+
{[%clk 00:15:42]} {[%emt 00:09:12]} g6 {[%clk 00:06:10]} {[%emt 00:00:05]} 49.
Qe4 {[%clk 00:15:50]} {[%emt 00:00:22]} Rxa3 {[%clk 00:05:38]} {[%emt
00:01:02]} 50. Rxa3 {[%clk 00:14:23]} {[%emt 00:01:57]} Qxa3 {[%clk 00:06:07]}
{[%emt 00:00:01]} 51. Nf3 {[%clk 00:14:45]} {[%emt 00:00:08]} Qd6 {[%clk
00:05:19]} {[%emt 00:01:18]} 52. Ne5 {[%clk 00:14:00]} {[%emt 00:01:15]} Bg7
{[%clk 00:04:53]} {[%emt 00:00:55]} 53. h4 {[%clk 00:13:41]} {[%emt 00:00:50]}
h5 {[%clk 00:04:31]} {[%emt 00:00:52]} 54. g4 {[%clk 00:10:06]} {[%emt
00:04:05]} hxg4 {[%clk 00:03:48]} {[%emt 00:01:12]} 55. h5 {[%clk 00:10:00]}
{[%emt 00:00:37]} Qe7 {[%clk 00:00:36]} {[%emt 00:03:41]} 56. hxg6+ {[%clk
00:09:00]} {[%emt 00:01:30]} Kg8 {[%clk 00:00:36]} {[%emt 00:00:30]} 57. Qd5+
{[%clk 00:09:20]} {[%emt 00:00:10]} Kf8 {[%clk 00:00:38]} {[%emt 00:00:29]} 58.
Qa8+ {[%clk 00:08:20]} {[%emt 00:01:30]} Qe8 {[%clk 00:01:07]} 59. Nd7+ {[%clk
00:08:38]} {[%emt 00:00:11]} Ke7 {[%clk 00:01:31]} {[%emt 00:00:06]} 60. Qxe8+
{[%clk 00:09:01]} {[%emt 00:00:08]} Kxe8 {[%clk 00:02:00]} {[%emt 00:00:01]}
1-0